<?xml version="1.0" encoding="UTF-8"?><?xml-stylesheet type="text/xsl" href="static/style.xsl"?><OAI-PMH xmlns="http://www.openarchives.org/OAI/2.0/" xmlns:xsi="http://www.w3.org/2001/XMLSchema-instance" xsi:schemaLocation="http://www.openarchives.org/OAI/2.0/ http://www.openarchives.org/OAI/2.0/OAI-PMH.xsd"><responseDate>2026-04-14T02:13:51Z</responseDate><request verb="GetRecord" identifier="oai:www.recercat.cat:10230/26230" metadataPrefix="marc">https://recercat.cat/oai/request</request><GetRecord><record><header><identifier>oai:recercat.cat:10230/26230</identifier><datestamp>2025-12-18T01:22:26Z</datestamp><setSpec>com_2072_6</setSpec><setSpec>col_2072_452952</setSpec></header><metadata><record xmlns="http://www.loc.gov/MARC21/slim" xmlns:dcterms="http://purl.org/dc/terms/" xmlns:xsi="http://www.w3.org/2001/XMLSchema-instance" xmlns:doc="http://www.lyncode.com/xoai" xsi:schemaLocation="http://www.loc.gov/MARC21/slim http://www.loc.gov/standards/marcxml/schema/MARC21slim.xsd">
   <leader>00925njm 22002777a 4500</leader>
   <datafield ind2=" " ind1=" " tag="042">
      <subfield code="a">dc</subfield>
   </datafield>
   <datafield ind2=" " ind1=" " tag="720">
      <subfield code="a">Davey, Christopher G.</subfield>
      <subfield code="e">author</subfield>
   </datafield>
   <datafield ind2=" " ind1=" " tag="720">
      <subfield code="a">Pujol, Jesús</subfield>
      <subfield code="e">author</subfield>
   </datafield>
   <datafield ind2=" " ind1=" " tag="720">
      <subfield code="a">Harrison, Ben J.</subfield>
      <subfield code="e">author</subfield>
   </datafield>
   <datafield ind2=" " ind1=" " tag="260">
      <subfield code="c">2016-05-02T11:02:29Z</subfield>
   </datafield>
   <datafield ind2=" " ind1=" " tag="260">
      <subfield code="c">2016</subfield>
   </datafield>
   <datafield ind2=" " ind1=" " tag="520">
      <subfield code="a">The brain&amp;apos;s default mode network (DMN) has become closely associated with self-referential mental activity, particularly in the resting-state. While the DMN is important for such processes, it has functions other than self-reference, and self-referential processes are supported by regions outside of the DMN. In our study of 88 participants, we examined self-referential and resting-state processes to clarify the extent to which DMN activity was common and distinct between the conditions. Within areas commonly activated by self-reference and rest we sought to identify those that showed additional functional specialization for self-referential processes: these being not only activated by self-reference and rest but also showing increased activity in self-reference versus rest. We examined the neural network properties of the identified &amp;apos;core-self&amp;apos; DMN regions-in medial prefrontal cortex (MPFC), posterior cingulate cortex (PCC), and inferior parietal lobule-using dynamic causal modeling. The optimal model identified was one in which self-related processes were driven via PCC activity and moderated by the regulatory influences of MPFC. We thus confirm the significance of these regions for self-related processes and extend our understanding of their functionally specialized roles.</subfield>
   </datafield>
   <datafield ind2=" " ind1=" " tag="520">
      <subfield code="a">This study was funded by a National Health and Medical Research Council of Australia (NHMRC) Project Grant (1064643; Principal Investigator, BJH). CGD was supported by an NHMRC Career Development Fellowship (1061757).</subfield>
   </datafield>
   <datafield tag="653" ind2=" " ind1=" ">
      <subfield code="a">Cervell -- Fisiologia</subfield>
   </datafield>
   <datafield tag="653" ind2=" " ind1=" ">
      <subfield code="a">Cervell -- Localització de funcions</subfield>
   </datafield>
   <datafield ind2="0" ind1="0" tag="245">
      <subfield code="a">Mapping the self in the brain&amp;apos;s default mode network</subfield>
   </datafield>
</record></metadata></record></GetRecord></OAI-PMH>